Derecho de obligaciones.

সংরক্ষণ করুন:
গ্রন্থ-পঞ্জীর বিবরন
প্রধান লেখক: Hernández Gil, Antonio (autor)
বিন্যাস: গ্রন্থ
প্রকাশিত: Madrid, España: Centro de Estudios Universitarios Ramón Areces (CEURA), 1983.
সংস্করন:Nueva edición.
বিষয়গুলি:
ট্যাগগুলো: ট্যাগ যুক্ত করুন
কোনো ট্যাগ নেই, প্রথমজন হিসাবে ট্যাগ করুন!

MARC

LEADER 00000nam a2200000 a 4500
001 UCY0505
003 CL-VaPUC
005 20231108125051.0
008 231024t1983 ||||| |||| 00| 0 eng d
999 |c 442175  |d 442173 
040 |c Pontificia Universidad Católica de Valparaíso 
082 0 4 |2 22  |a 346.4602 HER 1983 
100 |a Hernández Gil, Antonio  |e autor  |9 443264 
245 1 0 |a Derecho de obligaciones. 
250 |a Nueva edición. 
260 |a Madrid, España:  |b Centro de Estudios Universitarios Ramón Areces (CEURA),  |c 1983. 
300 |a 501 páginas. 
500 |a c.1 Donación Jorge López Santa María. Memo N° 039/2023. 
583 |a last modification  |c 19940803 00:00:00  |k Catalogador Asistente 
650 1 |a Derecho de las obligaciones   |z España  |9 885325 
650 1 0 |a Derecho civil español   |9 390729 
942 |c BK  |2 ddc 
952 |0 0  |1 0  |2 ddc  |4 0  |6 346_460200000000000_HER_1983  |7 0  |8 A  |9 592110  |a BIBDER  |b BIBDER  |d 2023-10-24  |e Donación  |i 5659144  |o 346.4602 HER 1983  |p 5659144  |r 2023-10-24  |t 1  |w 2023-10-24  |y BK  |k DER